01403nmc a2200349 a 4500003000900000005001700009008004100026040001300067100002600080245002900106260003800135300001100173490009500184500027400279504002800553650002700581650003100608650002400639650003100663650002200694650002200716650003400738650002600772650002500798653003700823700002100860700003300881942000700914998001000921999001500931952010700946AR-BaBNM20251128204526.0075019s1965 ||||||||||||||000 | spa|| cAR-BaBNM1 aGesell, Arnold Lucius10aPsicología del escolar aBuenos AiresbPaidósc1965-19670 a599 p. 0aNueva enciclopedia pedagógica del educador. Psicología y educación del escolarvv. 71 aContiene: Procesos del aprendizaje infantil - Emociones, actividades e intereses del niño de 5 a l6 años - Vida escolar e imagen del mundo del niño de 5 a 16 años - Las relaciones interpersonales del niño de 5 a 16 años - La personalidad del niño de 5 a 1 aContiene bibliografía 4aPROCESO DE APRENDIZAJE 4aPSICOLOGIA DE LA EDUCACION 4aPSICOLOGIA DEL NINO 4aPSICOLOGIA DEL ADOLESCENTE 4aJUEGOS INFANTILES 4aADAPTACION SOCIAL 4aDESARROLLO DE LA PERSONALIDAD 4aRELACIONES FAMILIARES 4aPSICOLOGIA EVOLUTIVA 0aPROCESO DE ENSENANZA-APRENDIZAJE1 aCalvin, Allen D.1 aBernstein, Jaimeecompilador cBK cGrace c7776d7776 00102ddc405171aLPLbLPLcREd2025-11-28l0o37 PAI 7p096894r2025-11-28 20:45:26w2025-11-28yBK